000 00296nam a22001337a 4500
008 170508b xxu||||| |||| 00| 0 eng d
020 _a9780673398970
041 _aeng
080 _a34
100 _a14
101 _aSHJ
245 _aJUDGING THE CONSTITUTION
_cMCCAN.M.W
942 _2udc
_cBK
999 _c12886
_d12886